| 000 | 00450nam a2200157Ia 4500 | ||
|---|---|---|---|
| 008 | 210716s2016 xx 000 0 und d | ||
| 020 | _a9788131524473 | ||
| 041 | _aeng | ||
| 082 | _a658.4038 BIDH | ||
| 100 | _aBidgoli, Hossein; Chattopadhyay, Nilanjan. | ||
| 245 |
_aMIS: a south asian prespective. _bSouth asian prespective. |
||
| 250 | _a2 | ||
| 260 |
_aNew Delhi _bCengage Learning India Pvt Ltd _c2016 |
||
| 300 | _axii,352 | ||
| 650 | _aMIS | ||
| 999 |
_c211075 _d211075 |
||